书目信息 |
| 题名: |
新西游记
|
|
| 作者: | 陈舜臣 著 ;卞立强 译 | |
| 分册: | ||
| 出版信息: | 长沙 湖南人民出版社 1981 |
|
| 页数: | 419页 | |
| 开本: | 19cm | |
| 丛书名: | ||
| 单 册: | ||
| 中图分类: | I313.6 | |
| 科图分类: | ||
| 主题词: | 文学 , 长篇小说--中国--现代 | |
| 电子资源: | ||
| ISBN: | ||
| 000 | 00698nam0 2200253 45 | |
| 001 | 0181001615 | |
| 005 | 20051109151534.26 | |
| 010 | @dCNY1.02 | |
| 091 | @a10109.1329 | |
| 100 | @a19950509d1981 em y0chiy0121 ea | |
| 101 | 0 | @achi@cjpn |
| 102 | @aCN@b430000 | |
| 105 | @ay z 000ay | |
| 200 | 10 | @a新西游记@Axin xi you ji@f陈舜臣著@Fchen shun chen zhu@g卞立强译 |
| 210 | @a长沙@c湖南人民出版社@d1981 | |
| 215 | @a419页@d19cm | |
| 606 | 0 | @a文学 |
| 606 | @a长篇小说@y中国@z现代 | |
| 690 | @aI313.6 | |
| 701 | 0 | @a陈舜臣@Achen shun chen@4著 |
| 702 | 0 | @a卞立强@Abian li qiang@4译 |
| 801 | 2 | @aCN@bNLC@c20051109 |
| 801 | 0 | @aCN@b上海图书馆@c20040412 |
| 905 | @f3@b37823-825@dI313.6@e93 | |
| 新西游记/陈舜臣著/卞立强译.-长沙:湖南人民出版社,1981 |
| 419页;19cm |
| ISBN :CNY1.02 |
| ● |
| 相关链接 |
|
|
|
|
正题名:新西游记
索取号:I313.6/93
 
预约/预借
| 序号 | 登录号 | 条形码 | 馆藏地/架位号 | 状态 | 备注 |
| 1 | 0037822 | 202143947 | 密集书库/ [索取号:I313.6/93] | 在馆 | |
| 2 | 0037823 | 001603161 | 第二借阅区/ [索取号:I313.6/93] | 在馆 | |
| 3 | 0037824 | 000739204 | 第二借阅区/ [索取号:I313.6/93] | 在馆 | |
| 4 | 0037825 | 001603036 | 第二借阅区/ [索取号:I313.6/93] | 在馆 | |
| 5 | 0037826 | 000739197 | 第一样本阅览室/ [索取号:I313.6/93] | 在馆 |